000 00471nam a2200169Ia 4500
999 _c25133
_d25133
003 OSt
005 20201215152027.0
008 190216s9999||||xx |||||||||||||| ||und||
040 _coclc
082 _a894.8124
_bSAN/P
100 _aSanu, M K
_96752
245 0 _aPrabhatha Darsanam /
_cM K Sanu
260 _bPoorna Publication,
_aKozhikode:
_c1970.
300 _a79p
650 _aLekhanam
942 _cBK
_2ddc
_h894.8124
_iSAN/P
_k894.8124
_mSAN/P